<The> New Paradigm in Business Emerging Strategies for Leadership and Organizational Change

Guardado en:
Detalles Bibliográficos
Otros Autores: Ray, Michael, Rinzler, Alan
Formato: Libro
Lenguaje:inglés
Publicado: New York G.P.Putnam's Sons 1993
Edición:1. ed.
Colección:<A> New Consciousness Reader
Materias:
Etiquetas: Agregar Etiqueta
Sin Etiquetas, Sea el primero en etiquetar este registro!

MARC

LEADER 00000nam a2200000 4500
001 c019721
005 20221206074816.9
020 |a 0-87477-726-7 
041 0 |a eng 
044 |a US 
245 1 0 |a <The> New Paradigm in Business  |b Emerging Strategies for Leadership and Organizational Change  |c Edit. Michael Ray, Alan Rinzler 
250 |a 1. ed. 
264 1 |a New York  |b G.P.Putnam's Sons  |c 1993 
300 |a 300 s. 
490 1 |a <A> New Consciousness Reader 
830 0 |a <A> New Consciousness Reader 
610 2 0 |a podnikanie 
610 2 0 |a stratégia podniková 
610 2 0 |a riadenie 
610 2 0 |a riadenie strategické 
610 2 0 |a riadenie výroby 
610 2 0 |a riadenie priemyslu 
610 2 0 |a manažment 
610 2 0 |a zmeny organizačné 
610 2 0 |a štúdie prípadové 
700 1 |a Ray, Michael 
700 1 |a Rinzler, Alan